Object-oriented programming in C++ / (Record no. 540)

000 -LEADER
fixed length control field 00918cam a22002774a 4500
001 - CONTROL NUMBER
control field 12502388
005 - DATE AND TIME OF LATEST TRANSACTION
control field 20140116120831.0
008 - FIXED-LENGTH DATA ELEMENTS--GENERAL INFORMATION
fixed length control field 010814s2002 inua 001 0 eng
010 ## - LIBRARY OF CONGRESS CONTROL NUMBER
LC control number 2001094813
020 ## - INTERNATIONAL STANDARD BOOK NUMBER
International Standard Book Number 0672323087
040 ## - CATALOGING SOURCE
Original cataloging agency DLC
Transcribing agency DLC
Modifying agency DLC
042 ## - AUTHENTICATION CODE
Authentication code pcc
050 00 - LIBRARY OF CONGRESS CALL NUMBER
Classification number QA76.64.L34 2002
100 1# - MAIN ENTRY--PERSONAL NAME
Personal name Lafore, Robert
Fuller form of name (Robert W.)
245 10 - TITLE STATEMENT
Title Object-oriented programming in C++ /
Statement of responsibility, etc Robert Lafore.
250 ## - EDITION STATEMENT
Edition statement 4th ed.
260 ## - PUBLICATION, DISTRIBUTION, ETC. (IMPRINT)
Place of publication, distribution, etc Indianapolis, Ind. :
Name of publisher, distributor, etc Sams Publishing,
Date of publication, distribution, etc 2002.
300 ## - PHYSICAL DESCRIPTION
Extent xix, 1012 p. :
Other physical details ill.
500 ## - GENERAL NOTE
General note Includes index.
650 #0 - SUBJECT ADDED ENTRY--TOPICAL TERM
Topical term or geographic name as entry element Object-oriented programming (Computer science)
650 #0 - SUBJECT ADDED ENTRY--TOPICAL TERM
Topical term or geographic name as entry element C++ (Computer program language)
710 2# - ADDED ENTRY--CORPORATE NAME
Corporate name or jurisdiction name as entry element Waite Group.
906 ## - LOCAL DATA ELEMENT F, LDF (RLIN)
a 7
b cbc
c orignew
d 2
e epcn
f 20
g y-gencatlg
942 ## - ADDED ENTRY ELEMENTS (KOHA)
Source of classification or shelving scheme
Item type Book
Holdings
Withdrawn status Lost status Source of classification or shelving scheme Damaged status Not for loan Home library Current library Date acquired Source of acquisition Total Checkouts Total Renewals Full call number Barcode Date last seen Date last borrowed Copy number Price effective from Koha item type
          Riara University Library Riara University Library 22/10/2011 Purchase 7 3 QA76.64.L34 2002 1161/11 04/11/2024 01/10/2024 C.1 22/10/2011 Book
          Riara University Library Riara University Library 27/10/2011 Purchase 16 3 QA76.64.L34 2002 1162/11 17/11/2023 06/11/2023 C.2 27/10/2011 Book
          Riara University Library Riara University Library 27/10/2011 Purchase 4   QA76.64.L34 2002 1163/11 26/05/2022 20/05/2022 C.3 27/10/2011 Book

Riara University Library,
P.O. Box 49940-00100,
Nairobi, Kenya.